书目信息 |
| 题名: |
万花楼
|
|
| 作者: | 李雨堂 著 | |
| 分册: | ||
| 出版信息: | 南昌 豫章书社 1981 |
|
| 页数: | 364页 | |
| 开本: | 19cm | |
| 丛书名: | ||
| 单 册: | ||
| 中图分类: | I242.47 , I242.4 | |
| 科图分类: | ||
| 主题词: | 古典小说--中国--清代 , 章回小说--中国--清代 , 长篇小说--中国--清代 , 小说--中国 | |
| 电子资源: | ||
| ISBN: | ||
| 000 | 00739nam0 2200289 45 | |
| 001 | 0181001875 | |
| 005 | 20030103223811.8 | |
| 010 | @dCNY1.10 | |
| 091 | @a10110.176 | |
| 100 | @a19950314d1981 em y0chiy0121 ea | |
| 101 | 0 | @achi |
| 102 | @aCN@b360000 | |
| 105 | @ay z 000ay | |
| 106 | @ar | |
| 200 | 10 | @a万花楼@Awan hua lou@f(清)李雨堂著 |
| 210 | @a南昌@c豫章书社@d1981 | |
| 215 | @a364页@d19cm | |
| 606 | @a古典小说@y中国@z清代 | |
| 606 | @a章回小说@y中国@z清代 | |
| 606 | @a长篇小说@y中国@z清代 | |
| 606 | 0 | @a小说@x中国 |
| 690 | @aI242.47@v3 | |
| 690 | @aI242.4 | |
| 701 | 0 | @a李雨堂@Ali yu tang@f清@4著 |
| 801 | 0 | @aCN@b上海图书馆@c20030103 |
| 801 | 2 | @aCN@bNLC@c20030103 |
| 905 | @f2@b54378-379@dI242.4@e100 | |
| 万花楼/(清)李雨堂著.-南昌:豫章书社,1981 |
| 364页;19cm |
| ISBN :CNY1.10 |
| ● |
| 相关链接 |
|
|
|
|
正题名:万花楼
索取号:I242.4/100
 
预约/预借
| 序号 | 登录号 | 条形码 | 馆藏地/架位号 | 状态 | 备注 |
| 1 | 0054377 | 202167537 | 密集书库/ [索取号:I242.4/100] | 在馆 | |
| 2 | 0054378 | 000111104 | 第二借阅区/ [索取号:I242.4/100] | 在馆 | |
| 3 | 0054379 | 000111097 | 第二借阅区/ [索取号:I242.4/100] | 在馆 |